Linearyzacja przez sprzężenie zwrotne w syntezie algorytmów regulacji dla obiektów termoenergetycznych / (Rekord nr 54763)
| 000 -ETYKIETA REKORDU | |
|---|---|
| podpole kontrolne o stałej długości | 01020nam a2200289 i 4500 |
| 001 - NUMER KONTROLNY REKORDU | |
| pole kontrolne | bg |
| 015 ## - NUMER BIBLIOGRAFII NARODOWEJ | |
| Numer bibliografii narodowej | PB 4398/2007 |
| 020 ## - MIĘDZYNARODOWY ZNORMALIZOWANY NUMER KSIĄŻKI - ISBN | |
| ISBN | 8370859917 |
| 040 ## - ŹRÓDŁO KATALOGOWANIA | |
| Instytucja, która utworzyła rekord | BPK |
| 041 ## - KOD JĘZYKA | |
| Kod języka tekstu | pol |
| 044 ## - KOD KRAJU WYDAWCY/PRODUCENTA | |
| Kod kraju wydawcy/producenta | POL |
| 080 ## - UNIWERSALNA KLASYFIKACJA DZIESIĘTNA - UKD | |
| UKD | 621.165:681.5:519.87:514.7:510.5 |
| 920 ## - Międzynarodowy znormalizowany numer książki – ISBN | |
| ISBN | 83-7085-991-7 |
| 008 - POLE O STAŁEJ DŁUGOŚCI - DANE KONTROLNE | |
| podpole kontrolne o stałej długości | 070103s2006 pl a |000 0 pol c |
| 100 1# - NAZWA OSOBOWA | |
| Nazwa osobowa | Bolek, Wiktor. |
| 245 10 - TYTUŁ/ODPOWIEDZIALNOŚĆ | |
| Tytuł | Linearyzacja przez sprzężenie zwrotne w syntezie algorytmów regulacji dla obiektów termoenergetycznych / |
| Pozostałe elementy strefy tytułu i oznaczenia odpowiedzialności | Wiktor Bolek, Tadeusz Wiśniewski. |
| 260 ## - STREFA ADRESU WYDAWNICZEGO | |
| Miejsce wydania | Wrocław : |
| Nazwa wydawcy/dystrybutora | Oficyna Wydawnicza Politechniki Wrocławskiej, |
| Data publikacji, dystrybucji/powstania dokumentu | 2006. |
| 300 ## - STREFA OPISU FIZYCZNEGO | |
| Objętość | 164 s. : |
| Inne cechy fizyczne | il. ; |
| Rozmiary | 24 cm. |
| 500 ## - UWAGI OGÓLNE | |
| Tekst uwagi | Tyt. grzb.: Linearyzacja przez sprzężenie zwrotne w syntezie algorytmów regulacji... |
| 504 ## - UWAGA DOTYCZĄCA BIBLIOGRAFII | |
| Informacje o bibliografii | Bibliogr. s. 162-164. |
| 650 #9 - HASŁO PRZEDMIOTOWE W FORMIE NAZWY OGÓLNEJ LUB JEDNOSTKOWEJ | |
| Nazwa ogólna lub geograficzna | Algorytmy |
| Określnik ogólny | stosowanie |
| -- | technika |
| 650 #9 - HASŁO PRZEDMIOTOWE W FORMIE NAZWY OGÓLNEJ LUB JEDNOSTKOWEJ | |
| Nazwa ogólna lub geograficzna | Geometria różniczkowa |
| Określnik ogólny | stosowanie |
| -- | technika |
| 650 #9 - HASŁO PRZEDMIOTOWE W FORMIE NAZWY OGÓLNEJ LUB JEDNOSTKOWEJ | |
| Nazwa ogólna lub geograficzna | Sterowanie |
| 650 #9 - HASŁO PRZEDMIOTOWE W FORMIE NAZWY OGÓLNEJ LUB JEDNOSTKOWEJ | |
| Nazwa ogólna lub geograficzna | Turbiny parowe |
| Określnik ogólny | modele matematyczne |
| 700 1# - HASŁO DODATKOWE - NAZWA OSOBOWA | |
| Nazwa osobowa | Wiśniewski, Tadeusz. |
| 856 ## - LOKALIZACJA I DOSTĘP DO ELEKTRONICZNYCH DOKUMENTÓW ZDALNYCH | |
| Link (URL) | http://koha.tu.koszalin.pl/cgi-bin/koha/opac-detail.pl?biblionumber=54763 |
| Tekst linku | Katalog online BPK |
| 942 ## - DODATKOWE ELEMENTY (KOHA) | |
| Typ dokumentu | Książka |
| Wycofany | Status egzemplarza | Uszkodzony | Dostępność | Lokalizacja stała | Lokalizacja bieżąca | Miejsce przechowywania | Sygnatura | Kod kreskowy | Dział | Typ dokumentu |
|---|---|---|---|---|---|---|---|---|---|---|
| Tylko na miejscu | Biblioteka Politechniki Koszalińskiej | Biblioteka Politechniki Koszalińskiej | Czytelnia BG | 86841 | 02415406 | 519.7/.8 Cybernetyka matematyczna. Badania operacyjne | Książka |
